Normal view
MARC view
Entry Personal Name
001 - CONTROL NUMBER
- control field: 86234
003 - CONTROL NUMBER IDENTIFIER
- control field: dpl
005 - DATE AND TIME OF LATEST TRANSACTION
- control field: 20260108122747.0
008 - FIXED-LENGTH DATA ELEMENTS
- fixed length control field: 260108|| aca||aabn | a|a d
040 ## - CATALOGING SOURCE
- Original cataloging agency: dpl
- Transcribing agency: dpl
100 ## - HEADING--PERSONAL NAME
- Personal name: मैहर चंद
670 ## - SOURCE DATA FOUND
- Source citation: Work cat.: (dpl)214031: मैहर चंद, स्वामी विवेकानंद और डॉ. अंबेडकर /, 2023
